| 000 | 00943nam a2200229Ia 4500 | ||
|---|---|---|---|
| 003 | GCL | ||
| 008 | 140319s9999 xx 000 0 ara d | ||
| 040 |
_aGCL / _cGCL |
||
| 082 | 0 | 4 |
_a928.1 _bف ك |
| 100 | 1 | _aالسيد السيد الحسينى | |
| 245 | 1 | 0 |
_aالكتاب التذكارى فى ذكرى مرور خمسة وعشرين عاما على رحيل طه حسين : _bفى اطار الاحتفال بمرور 90عاما على انشاء جامعة القاهرة / _cالسيد السيد الحسينى |
| 700 | 1 | _aفاروق اسماعيل احمد | |
| 250 | _aالاولى | ||
| 260 |
_aالقاهرة : _bجامعة القاهرة ، _c1998 |
||
| 300 |
_aمتعدد ؛ _c24سم |
||
| 650 | 0 | 4 | _aتراجم ادبية |
| 650 | 0 | 4 | _aالادباء المصريون |
| 650 | 0 | 4 | _aطه حسين |
| 650 | 0 | 4 | _aطه حسين - تاريخ ونقد |
| 650 | 0 | 4 | _aطه حسين - ببليوجرافيات |
| 942 |
_2ddc _cBK |
||
| 999 |
_c7730 _d7730 |
||